000
00303nam a2200133Ia 4500
005
20251222155127.0
008
251222s9999||||xx |||||||||||||| ||spa||
082
_a
REL.117.2
100
_a
VIGANO, Angel.
245
0
_a
Jesús y la libertad
250
_a
1ra. ed.
264
_b
Salesiana
942
_c
LIB
999
_c
38670
_d
38670